00457nam a2200121Ia 4500008004100000020001800041050002200059100003100081245012500112260006200237300002900299521000700328140529s9999 xx 000 0 und d a9789715847889 aQD 45b.Oc15 2008 aOcenar, Maria Milagrosa M. aGeneral chemistry :blaboratory manual and workbook for the health sciences /cMaria Milagrosa M. Ocenar, Perla B. Josue aQuezon City, Philippines :bC&E Publishing, Inc.,cc2008. a122 p. :bill. ;c26 cm. aGE